El giro eclesiológico en la recepción del Vaticano II
Saved in:
| Hovedforfatter: | |
|---|---|
| Format: | Bog |
| Sprog: | spansk |
| Udgivet: |
Maliaño
Sal Terrae
2017
|
| Udgivelse: | 1a. ed |
| Serier: | Colección Presencia Teológica, 253
|
| Fag: | |
| Tags: |
Tilføj Tag
Ingen Tags, Vær først til at tagge denne postø!
|
MARC
| LEADER | 00000cam a2200000 a 4500 | ||
|---|---|---|---|
| 001 | UCC1214 | ||
| 003 | CL-VaPUC | ||
| 008 | 171006e20170000sp |||||||||||||||||spa|d | ||
| 020 | |a 9788429326444 | ||
| 082 | 0 | 4 | |a 262.5 |b MAD |2 21 |
| 100 | |a Madrigal Terrazas, Santiago, |c S.J |e autor |9 595260 | ||
| 245 | 1 | 3 | |a El giro eclesiológico en la recepción del Vaticano II |
| 250 | |a 1a. ed | ||
| 300 | |a 527 p | ||
| 942 | |c BK | ||
| 945 | |d 20171006 11:09:00 |a arojas | ||
| 260 | |a Maliaño |b Sal Terrae |c 2017 | ||
| 650 | 0 | |a Concilio Vaticano II |9 258399 | |
| 650 | 0 | |a Eclesiología |9 366152 | |
| 583 | |a last modification |c 20171006 11:09:00 |k Rodrigo Vera | ||
| 490 | 0 | |a Colección Presencia Teológica, 253 | |
| 999 | |c 369782 |d 369780 | ||
| 952 | |0 0 |1 0 |3 erb |4 0 |6 262_500000000000000_MAD_2017 |7 0 |8 A |9 485875 |a BIBTEO |b BIBTEO |i 5427509 |l 1 |o 262.5 MAD 2017 |p 5427509 |r 2025-01-17 |s 2023-10-31 |w 2019-11-24 |y BK |z Catalogado en:20171006 |k ICR | ||
| 952 | |0 0 |1 0 |3 erb |4 0 |6 262_500000000000000_MAD_2017 |7 0 |8 A |9 485876 |a BIBTEO |b BIBTEO |i 5440254 |l 1 |o 262.5 MAD 2017 |p 5440254 |r 2025-01-17 |s 2023-10-31 |w 2019-11-24 |y BK |z Catalogado en:20171201 |k ICR | ||